000
00370nam a2200157 a 4500
005
20140310183234.0
008
040709s19uu xx 00 eng d
050
_a
QM 101
_b
.N277 2002
100
_a
NTTC
245
_a
Bones and joints :
_b
AP5 /
_c
NTTC.
260
_c
2002.
300
_a
64 p. :
_c
23 cm.
942
_c
BK
_2
lcc
_k
LOC
999
_c
20533
_d
20533